| 000 | 00979cam a2200265 a 4500 | ||
|---|---|---|---|
| 001 | 13718751 | ||
| 005 | 20250626115626.0 | ||
| 008 | 040914r20041985miu b 001 0 eng | ||
| 020 | _a0802822371 | ||
| 050 | 0 | 0 |
_aBS680.S5 _bT46 2004 |
| 082 | 0 | 0 |
_a233 _222 |
| 100 | 1 |
_aTerrien, Samuel L., _d1911- |
|
| 245 | 1 | 0 |
_aTill the heart sings : _ba biblical theology of manhood and womanhood / _cSamuel Terrien. |
| 260 |
_aGrand Rapids, Mich. : _bW.B. Eerdmans Pub. Co. ; _aDearborn, Mich. : _bDove Booksellers, _c2004. |
||
| 300 |
_axxiv, 260 p. ; _c24 cm. |
||
| 440 | 4 | _aThe biblical resource series | |
| 500 | _aOriginally published: Philadelphia : Fortress Press, c1985, with a new foreword. | ||
| 650 | 0 |
_aSex _xBiblical teaching. |
|
| 650 | 0 |
_aSex _xReligious aspects _xChristianity. |
|
| 650 | 0 |
_aMen _xBiblical teaching. |
|
| 650 | 0 |
_aWomen _xBiblical teaching. |
|
| 650 | 0 | _aMen (Christian theology) | |
| 650 | 0 |
_aWomen _xReligious aspects _xChristianity. |
|
| 942 |
_2lcc _cBK _n0 |
||
| 999 |
_c6711 _d6711 |
||